Skills in counselling & psychotherapy with children & young people
Saved in:
| Main Author: | |
|---|---|
| Format: | Book |
| Language: | English |
| Published: |
Sage Publications
2015
|
| Tags: |
Add Tag
No Tags, Be the first to tag this record!
|
MARC
| LEADER | 00000nam a22000007a 4500 | ||
|---|---|---|---|
| 008 | 201207b ||||| |||| 00| 0 eng d | ||
| 020 | |a 978-1-4462-6017-3 | ||
| 100 | |a SHERMAN, Lorraine. | ||
| 245 | |a Skills in counselling & psychotherapy with children & young people |c Lorraine Sherman |e Skills in counselling & psychotherapy |g ix, 186p. | ||
| 260 | |b Sage Publications |c 2015 |h Los Angeles |i 692226 |i 692227 |l RJ504 .Sh5 |m Child psychotherapy. |m Child psychotherapy – Case studies. |m Adolescent psychotherapy. |m Counselling. | ||
| 500 | |a “It includes references and index”. | ||
| 942 | |a lcc |c BK |e Adeniran, F. A. |f 7/12/2020 | ||
| 952 | |0 0 |1 0 |2 lcc |4 0 |7 0 |9 54 |a HOL |b ED |c QZ |d 2020-12-07 |o RJ504 .Sh5 |p 2020-0030 |r 2020-12-07 00:00:00 |w 2020-12-07 |y BK | ||
| 952 | |0 0 |1 0 |2 lcc |4 0 |6 RJ0504 S H5 |7 0 |9 121 |a HOL |b HOL |c QZ |d 2020-12-07 |l 0 |o RJ504 .Sh5 |p 2020-0080 |r 2020-12-07 00:00:00 |w 2020-12-07 |y BK | ||
| 999 | |c 20 |d 20 | ||